000 01561cam a22003858i 4500
001 18087704
005 20140930151921.0
008 140331s2014 nju b 001 0 eng
010 _a 2014005239
020 _a9781118542408 (pbk. : alk. paper)
020 _z9781118880180 (ebk)
020 _z9781118880203 (ebk)
040 _aDLC
_beng
_erda
_cDLC
042 _apcc
050 0 0 _aHF 5625.15
_b.St78 2014
082 0 0 _a174/.9657
100 1 _aStuart, Iris,
_d1950-
245 1 0 _aAccounting ethics /
_cIris Stuart, Bruce Stuart, Lars J. T. Pedersen.
250 _a1st Edition.
260 _aU.S.A. :
_bJohn Wiley & Sons, Inc.,
_cc2014.
263 _a1405
300 _a300 pages :
_c25 cm.
504 _aIncludes bibliographical references and index.
505 0 _aPurpose, background, and approach -- The technical and ethical responsibilities in accounting -- Decision making in accounting -- A decision model for accounting ethics -- Defining the problem : from an accounting and an ethical point of view -- Index.
521 _aAccountancy
650 0 _aAccounting
_xMoral and ethical aspects.
650 0 _aAccountants
_xProfessional ethics.
650 0 _aBusiness ethics.
700 1 _aStuart, Bruce,
_d1947-
700 1 _aPedersen, Lars J. T.
776 0 8 _iOnline version:
_aStuart, Iris, 1950-
_tAccounting ethics
_bFirst Edition.
_dHoboken : Wiley, 2014
_z9781118880197
_w(DLC) 2014012836
906 _a7
_bcbc
_corignew
_d1
_eecip
_f20
_gy-gencatlg
942 _2lcc
_cBK
_kFOR
999 _c275964
_d275964